Quizzes
Events
Quiz Creation
Community
Videos
Private Events
Remove Ads
Sign In
Join for FREE
Feedback
Dark Mode
Quiz Categories
Sports
Geography
Music
Movies
Television
Just For Fun
Miscellaneous
History
Literature
Language
Science
Gaming
Entertainment
Religion
Holiday
For Kids
Quiz Lab
Recent
Popular Today
Quiz Kudos Today
Editor Picks
Curator Picks
Quizzes by...
Day
Popularity
Type
Ratings
Length
Year
Community
Subscriptions
Recent Discussions
Orange Saloon
Badges
Playlists
Quests
Create
Leaderboards
Showdown
Live 5
Trivia Bingo
Activity
Puzzle Library
Sporcle Events
Private Events
Virtual Trivia
Globe League
Become a Host
Pub Owners
SporcleCon
Opinionation
Our Games
Videos
Blog
Mobile Apps
Partnerships
Remove Ads and Go Orange
Feedback
Television
TV Characters
TV Show
Sitcom
Network
Friends
Reality Shows
Cast
South Park
Star Trek
The Simpsons
Doctor Who
Television
TV Characters
TV Show
Sitcom
Network
Friends
Reality Shows
Cast
South Park
Star Trek
The Simpsons
Doctor Who
Random Quiz
Search Sporcle
×
Quiz Lab
Quiz Lab
Television
Quote
Type in answers that appear in a list
Type in answers that appear in a list
Classic
Best Score? Go Orange.
Name the 'Buffy the Vampire Slayer' Episode (s1-4) Stats
Can you name the Name the 'Buffy the Vampire Slayer' Episode each quote comes from (s1-4)?
By
sophington
18m
78 Questions
562 Plays
562 Plays
562 Plays
Comments
Comments
Give Quiz Kudos
Give Quiz Kudos
-
- Ratings
hide this ad
Forced Order
Answers have to be entered in order
Answers have to be entered in order
Random Order
Randomize order of answers
Randomize order of answers
Replay
Link that replays current quiz
Next Quiz
Link to next quiz in quiz playlist
You Got
0%
They Got
Avg Score
61%
Avg Friend Score
Upgrade to see
Score Distribution
Jump to the score distribution portion of the page
Score
0/78
Timer
18:00
0
Plays Today
Spoke the Quote
Episode
% Correct
Buffy ★ 'Great. This is just what my reputation needs -
that I 'did it' with the entire Swim Team.'
Go Fish
85.9%
Buffy ★ 'Good night, Eggbert.'
Bad Eggs
84.3%
Xander ★ 'Who's a little fear demon?'
Fear, Itself
83.5%
Buffy ★ 'To every generation is born one who must run the annual talentless show. You cannot escape your destiny.'
The Puppet Show
83.1%
Buffy ★ 'I'll play mini-
golf, and I'll smile and curtsy and be the dutiful daughter.'
Ted
82.7%
Spike ★ 'I gave her everything. Beautiful jewels, beautiful dresses with beautiful girls in them, but nothing made her happy'.
Lovers Walk
82.2%
Angel ★ 'For a 100 years I offered ugly death to everyone I met, and I did it with a song in my heart.'
Angel
81.9%
Spike ★ 'You were my sire, man! You were my... Yoda!'
School Hard
80.1%
Buffy ★ 'If I was at full Slayer power, I'd be punning right about now.'
Helpless
79.9%
Buffy ★ 'You have fruit punch mouth.'
Prophecy Girl
79%
Buffy ★ 'She irons her jeans. She's evil.'
Living Conditions
78.8%
Buffy ★ 'It's a yam sham.'
Pangs
78.8%
Giles ★ 'It's devestating, he's turned into a 16 year old boy'
The Pack
78.6%
Buffy ★ 'I seem to be having a slight case of nudity here.'
Bewitched, Bothered and Bewildered
76.3%
Xander ★ 'A 'Chocolate Hurricane'. These are the best! I haven't had one of these since my 6th birthday...'
Nightmares
76%
Willow ★ 'I feel like some part of me will always be waiting for you.'
New Moon Rising
76%
Willow ★ 'He stole my Barbie! We were five.'
Welcome to the Hellmouth
75.4%
Jenny Calendar ★ 'I wanna die in bed surrounded by fat grandchildren, but guess that's off the menu.'
Amends
74.4%
Oz ★ 'My whole life I've never loved anything else.'
Wild at Heart
73.5%
Oz ★ 'We should figure out what kinda deal this is. I mean, is it a gathering, a shindig or a hootenanny?'
Dead Man's Party
73.3%
Anya ★ 'I know you find me attractive. I've seen you looking at my breasts.'
The Prom
72.4%
Oz ★ 'We attack the Mayor with humus.'
Graduation Day Part 2
72.4%
Willow ★ 'You all didn't happen to do a bunch of drugs, did ya?'
Doppelgangland
72.2%
Buffy ★ 'What am I, Saint Buffy? He's like three feet tall!'
Earshot
69.4%
Faith ★ 'And all your little lame-
ass friends are gonna be kibbles 'n' bits.'
Enemies
68.1%
Riley ★ 'You don't think she's a little peculiar?'
The Initiative
68.1%
Angel(us) ★ 'You went shopping at the local boogedy-
boogedy store.'
Passion
68%
Spike ★ 'And I don't fancy spending the next month trying to get librarian out of the carpet.'
Becoming part 2
67.4%
Spike ★ 'It's a big rock. I can't wait to tell my friends. They don't have a rock this big.'
Becoming part 1
67.3%
Wesley ★ 'Remember the 3 key words for any Slayer: Preparation. Preparation. Preparation.'
Bad Girls
67.3%
Willow ★ 'Yeah, you're the Slayer, and we're, like, the Slayerettes.'
Witch
66.2%
Cordelia ★ 'One minute you're in your normal life, and then, who's in the fridge?
Teacher's Pet
65.1%
The Master ★ 'I've lost my appetite for this one. She keeps looking at me. I'm trying to eat and she looks at me!'
The Wish
64.4%
Angel ★ ''Danced with' is a pretty loose term. 'Mated with' might be a little closer.'
Some Assembly Required
63%
Cordelia ★ 'Like this time I sort of ran over this girl on her bike. It was the most traumatizing event of my life, and she's trying to make it about her leg!'
Out of Mind, Out of Sight
62.6%
Willow ★ 'And you! I mean, you're gonna live forever! You don't have time for a cup of coffee?'
Reptile Boy
62.6%
Giles ★ 'Do what? Lick me to death?'
Something Blue
62.5%
Cordelia ★ 'Is Mr. I'm-
the-
lead-
singer, I'm-
so-
great-
I-
don't-
have-
to-
show-
up-
for-
my-
date-
or-
even-
call gonna be there?'
Halloween
62.3%
Buffy ★ 'Willow, ax murdered, by a circus freak...'
I Robot, You Jane
61.9%
Spoke the Quote
Episode
% Correct
Oz ★ 'As Willow goes, so goes my nation.'
Homecoming
61.6%
Xander ★ 'I always think... what would Buffy do? You're my hero.'
The Freshman
60.7%
Joyce ★ 'I think what my daughter's trying to say is, 'Na, na-
na, na, na.''
Faith, Hope and Trick
60.5%
Buffy ★ 'Men! With your... Sales!'
Restless
60.3%
Anya ★ 'Oh, you mean an orgasm friend?'
Hush
59.1%
Xander ★ 'Well, that works out well, because I talk much!'
Inca Mummy Girl
58.4%
Buffy ★ 'You know. No kick-
o, no fight-
o?'
Whats My Line Part 2
58%
The Mayor ★ 'Raise your hand if you're invulnerable.'
Choices
58%
Buffy ★ (referring to Giles) 'His diapers were tweed.'
The Dark Age
57.5%
Angel(us) ★ 'Buffy's white knight, you still love her.'
Killed by Death
56.8%
Xander ★ 'Oh! 'Call of the Wild.' Aren't we reading the Cliff Notes to this for English?'
Beauty and the Beasts
56.2%
Buffy ★ 'That probably would have sounded more commanding if I wasn't wearing my Yummy Sushi pajamas.'
Goodbye Iowa
55.7%
Anya ★ 'Please remove your clothing now.'
The Harsh Light of Day
55%
Xander ★ 'Mayor meat, extra crispy.'
Doomed
54.3%
Buffy ★ 'I'm Buffy, and you're history!'
Never Kill a Boy on the First Date
52.3%
Buffy ★ 'Well, you were myth-
taken.'
A New Man
51.6%
Spike ★ 'You can't see the stars, love. That's the ceiling. Also, it's day.'
Innocence
51.2%
Willow ★ 'I'll give Xander a call. What's his number? Oh, yeah, 1800 I'm-
Dating-
A-
Skanky-
Ho!'
Phases
51.1%
Cordelia ★ 'There was no part of that that wasn't fun.'
The Zeppo
50%
Giles ★ 'That was a bit, um, British, wasn't it?'
The Harvest
49.6%
Buffy ★ 'What's a stevedore?'
Who Are You
49.6%
Oz ★ 'If I may suggest: 'This time it's personal.' I mean, there's a reason why it's a classic.'
Anne
49.5%
The Mayor ★ 'You little firecracker!'
Graduation Day Part 1
49.5%
Faith ★ 'First word: jail; second word: bait.'
Consequences
49.1%
Buffy ★ 'You're a vampire. Oh, I'm sorry, was that an offensive term? Should I say 'undead American'?'
When She Was Bad
48.8%
Faith ★ 'I've had my share of losers, but, you -
you boinked the undead.'
Revelations
47.9%
Buffy ★ 'My mom said some things to me about being the Slayer. That it's fruitless. No fruit for Buffy.'
Gingerbread
47.9%
Buffy ★ 'Ok, you get fang, I'll get horny...'
Where the Wild Things Are
47.7%
Buffy ★ 'Oh, he's the deadest man in Deadonia.'
The Yoko Factor
47.7%
Spike ★ 'Debase the beef... canoe'. Why does that strike me as not right?
Whats My Line Part 1
46.1%
Giles ★ 'This is the SATs, Buffy, not connect the dots.'
Band Candy
45.4%
Xander ★ 'You ready to get down, you funky, party weasel?'
Surprise
42.2%
Xander ★ 'I'm full of that good old kamikaze spirit.'
Primeval
38.6%
Xander ★ 'I can do the hippy hippy shake.'
Beer Bad
36.7%
Xander ★ 'Oh! Oh! He's like your kryptonite.'
Superstar
34.2%
Principal Snyder ★ 'And I'm gonna look at all the pieces carefully and rationally, and I'm gonna keep looking until I know exactly how this is all your fault.'
I Only Have Eyes For You
33.5%
Spike ★ 'You're the goody good guys. You're the bloody freaking cavalry.'
The I in Team
32.9%
Willow ★ 'Run. Flee. Maybe skedaddle.'
This Year's Girl
30.1%
Cordelia ★ 'And Marie-
Antoinette cared about them. She was gonna let them have cake!'
Lie to Me
29.7%
Quiz Playlist
Details
Report
Send in Message
Add To Playlist
Classic:
Type in answers that appear in a list
Forced Order:
Answers have to be entered in order
Random Order:
Randomize order of answers
Last Updated: Feb 16, 2017
Quiz Scoreboard
CHALLENGE
Sign Up to Join the Scoreboard
Show All
Scores
Hide
Comments
May contain spoilers
Recently Published
An Introduction to Baseball
by treessimontrees
Sports
5m
Movies - When Are They Set?
by FPL_Elf
Movies
5m
Popular People in 1961
by mucciniale
History
6m
More to Explore
Quiz From the Vault
Featured Blog Post
Where Did the Easter Bunny Come From?
hide this ad
You Might Also Like...
Tags
Quote Quiz
Buffy the Vampire Slayer
episode
season
Slayer
spoke
Vampire
Vampire Slayer
Today's Top Quizzes in Television
Browse Television
hide this ad
Today's Top Quizzes in Quote
Browse Quote
Top Contributed Quizzes in Television
1
One Piece Logic Puzzle
2
Survivor Logic Puzzle: Heroes vs. Villains
3
Survivor Seasons
4
Survivor Season by Logo
5
5-to-1: The Simpsons Families
6
Survivor Trivia
7
One Thing in Common: Television
8
Who Wants to Be a Millionaire?
9
Survivor Logic Puzzle: Winners at War
10
Ultimate Survivor Logic Puzzle
Explore More
Trending Topics
Harry Potter
Marvel
Crossword
Anime
NBA
Disney
Kpop
The Office
Pokémon
Country
WWE
NFL
Soccer
Song
Puzzle
hide this ad
More By:
sophington
Quiz
Plays
Rating
Category
Featured
Created
Friends Trivia A-Z
4,640
3.64
Television
Nov 18, 2009
Grab Bag Rock Music Trivia
631
3.20
Music
Nov 30, 2009
Name the 'Buffy the Vampire Slayer' Episode (s1-4)
562
4.83
Television
Jun 14, 2011
Name the 'Buffy the Vampire Slayer' Episode (s5-7)
389
5.00
Television
Jun 13, 2011
Family Guy Musical Numbers
152
3.00
Television
Nov 24, 2009
Go to Creator's Profile
Score Distribution
Quiz Creator Spotlight
sophington
Follow
Send a Message
Quizzes Created
-
Created Quiz Play Count
-
More By This Creator
Popular Quizzes Today
1
Find the Countries of Europe - No Outlines Minefield
2
Find the US States - No Outlines Minefield
3
The Countries of the World
4
Popular People in 1961
5
US States
6
Find the US States
7
1-10 Letter E Words III
8
Risky Map Clicking: Biggest States A-Z
More Television Quizzes
Talk Show Host by Picture
Published
Trending Quizzes
Risky Map Clicking: Least Populous States A-Z
1-10 Letter F Words
1-10 Letter G Words
One Thing in Common: United Kingdom
Risky Map Clicking: Next State Alphabetically
Recently Updated
Leaping Animals
pecheneg
Reality TV Shows (A-Z)
bhenderson79
Rickey Henderson's Hall of Fame Teammates
pecheneg
Champions League XIs: Arsenal
pecheneg
Quick Pick: Celebrities in WWE's Hall of Fame
aduchscher
A-Z Keypad Blitz II
pecheneg
Multiple Oscar Actors
pecheneg
Mystery Phrase Blitz: Oscar 'Best Actors'
pecheneg
F. Scott Fitzgerald Novels
LTH
Pick 3 Villains
ddd62291
Trending Topics
Marvel
Harry Potter
Disney
NBA
Crossword
Kpop
Anime
NFL
WWE
Puzzle
The Office
Pokémon
Soccer
Song
Country
Your Account Isn't Verified!
In order to create a playlist on Sporcle, you need to verify the email address you used during registration. Go to your
Sporcle Settings
to finish the process.
Report this User
Report this user for behavior that violates our
Community Guidelines
.
Details:
Send Report
Go to the Sporcle.com Mobile Site →
Comments